Software and systems traceability / (Record no. 22253)
[ view plain ]
| 000 -LEADER | |
|---|---|
| fixed length control field | 02060cam a22004095a 4500 |
| 001 - CONTROL NUMBER | |
| control field | 16998560 |
| 005 - DATE AND TIME OF LATEST TRANSACTION | |
| control field | 20160828125411.0 |
| 008 - FIXED-LENGTH DATA ELEMENTS--GENERAL INFORMATION | |
| fixed length control field | 111013s2012 nyua b 001 0 eng d |
| 010 ## - LIBRARY OF CONGRESS CONTROL NUMBER | |
| LC control number | 2011941143 |
| 015 ## - NATIONAL BIBLIOGRAPHY NUMBER | |
| National bibliography number | GBB1A2610 |
| Source | bnb |
| 016 7# - NATIONAL BIBLIOGRAPHIC AGENCY CONTROL NUMBER | |
| Record control number | 015879508 |
| Source | Uk |
| 020 ## - INTERNATIONAL STANDARD BOOK NUMBER | |
| International Standard Book Number | 9781447122388 (hbk. : alk. paper)) |
| 020 ## - INTERNATIONAL STANDARD BOOK NUMBER | |
| International Standard Book Number | 1447122380 (hbk. : alk. paper) |
| 035 ## - SYSTEM CONTROL NUMBER | |
| System control number | (OCoLC)ocn751835568 |
| 040 ## - CATALOGING SOURCE | |
| Original cataloging agency | UKMGB |
| Language of cataloging | eng |
| Transcribing agency | UKMGB |
| Modifying agency | EG-ScBUE |
| 042 ## - AUTHENTICATION CODE | |
| Authentication code | lccopycat |
| 082 04 - DEWEY DECIMAL CLASSIFICATION NUMBER | |
| Classification number | 005.1 |
| Edition number | 22 |
| Item number | SOF |
| 245 00 - TITLE STATEMENT | |
| Title | Software and systems traceability / |
| Statement of responsibility, etc | Jane Cleland-Huang, Orlena Gotel, Andrea Zisman, editors ; foreword by Anthony Finkelstein. |
| 260 ## - PUBLICATION, DISTRIBUTION, ETC. (IMPRINT) | |
| Place of publication, distribution, etc | New York ; |
| -- | London : |
| Name of publisher, distributor, etc | Springer-Verlage, |
| Date of publication, distribution, etc | c.2012. |
| 300 ## - PHYSICAL DESCRIPTION | |
| Extent | xvii, 491 p. : |
| Other physical details | ill. ; |
| Dimensions | 24 cm. |
| 500 ## - GENERAL NOTE | |
| General note | Index : p.487- 491. |
| 504 ## - BIBLIOGRAPHY, ETC. NOTE | |
| Bibliography, etc | Includes bibliographical references. |
| 505 ## - FORMATTED CONTENTS NOTE | |
| Formatted contents note | pt. 1. Traceability strategy -- pt. 2. Traceability creation -- pt. 3. Traceability maintenance -- pt. 4. Traceability use -- pt. 5. Traceability challenges. |
| 520 ## - SUMMARY, ETC. | |
| Summary, etc | This book offers a comprehensive description of the practices and theories of software traceability across all phases of the software development lifecycle, focusing on such concepts as reuse of system components, analysis, validation and more. |
| 650 #7 - SUBJECT ADDED ENTRY--TOPICAL TERM | |
| Topical term or geographic name as entry element | Software engineering. |
| Source of heading or term | BUEsh |
| 9 (RLIN) | 3832 |
| 650 #7 - SUBJECT ADDED ENTRY--TOPICAL TERM | |
| Topical term or geographic name as entry element | Computer software |
| General subdivision | Quality control. |
| Source of heading or term | BUEsh |
| 9 (RLIN) | 4818 |
| 650 #7 - SUBJECT ADDED ENTRY--TOPICAL TERM | |
| Topical term or geographic name as entry element | Computer software |
| General subdivision | Development. |
| Source of heading or term | BUEsh |
| 9 (RLIN) | 11535 |
| 651 ## - SUBJECT ADDED ENTRY--GEOGRAPHIC NAME | |
| Source of heading or term | BUEsh |
| 653 ## - INDEX TERM--UNCONTROLLED | |
| Resource For college | Informatics and Computer Science |
| Arrived date list | August 2016 |
| 700 1# - ADDED ENTRY--PERSONAL NAME | |
| Personal name | Zisman, Andrea |
| 9 (RLIN) | 40926 |
| Relator term | editor. |
| 700 1# - ADDED ENTRY--PERSONAL NAME | |
| Personal name | Cleland-Huang, Jane. |
| 9 (RLIN) | 40927 |
| Relator term | editor. |
| 700 1# - ADDED ENTRY--PERSONAL NAME | |
| Personal name | Gotel, Orlena. |
| 9 (RLIN) | 40928 |
| Relator term | editor. |
| 700 1# - ADDED ENTRY--PERSONAL NAME | |
| Personal name | Finkelstein, Anthony |
| Dates associated with a name | 1959- |
| 9 (RLIN) | 40929 |
| 856 ## - ELECTRONIC LOCATION AND ACCESS | |
| Host name | Springer Link E-books |
| Electronic format type | E-book |
| Uniform Resource Identifier | <a href="http://link.springer.com/book/10.1007/978-1-4471-2239-5">http://link.springer.com/book/10.1007/978-1-4471-2239-5</a> |
| Link text | Full text available on campus access |
| 856 ## - ELECTRONIC LOCATION AND ACCESS | |
| Host name | Springer Link E-books |
| Electronic format type | E-book |
| Uniform Resource Identifier | <a href="http://41.33.243.106:2048/login?url=http://link.springer.com/book/10.1007/978-1-4471-2239-5">http://41.33.243.106:2048/login?url=http://link.springer.com/book/10.1007/978-1-4471-2239-5</a> |
| Link text | Full text available off campus access |
| 942 ## - ADDED ENTRY ELEMENTS (KOHA) | |
| Source of classification or shelving scheme | Dewey Decimal Classification |
| Edition | 22 |
| Call number prefix | 005.1 SOF |
| Withdrawn status | Item status | Source of classification or shelving scheme | Damaged status | Not for loan | Vendor | Home library | Current library | Shelving location | Date acquired | Source of acquisition | Cost, normal purchase price | Serial Enumeration / chronology | Total Checkouts | Full call number | Barcode | Date last seen | Date last borrowed | Cost, replacement price | Koha item type |
|---|---|---|---|---|---|---|---|---|---|---|---|---|---|---|---|---|---|---|---|
| Dewey Decimal Classification | Academic Bookshop | Central Library | Central Library | Lower Floor | 28/08/2016 | Purchase | 1140.00 | 9156 | 1 | 005.1 SOF | 000033183 | 15/07/2025 | 23/12/2024 | 1425.00 | Book - Borrowing |